Catálogo
 En Linea

Dos temas : (Registro nro. 58588)

Detalles MARC
000 -CABECERA
campo de control de longitud fija 03218nam a2200409 i 4500
003 - IDENTIFICADOR DEL NÚMERO DE CONTROL
campo de control DO-SdBNP
005 - FECHA Y HORA DE LA ÚLTIMA TRANSACCIÓN
campo de control 20250522132517.0
007 - CAMPO FIJO DE DESCRIPCIÓN FÍSICA--INFORMACIÓN GENERAL
campo de control de longitud fija ta
008 - DATOS DE LONGITUD FIJA--INFORMACIÓN GENERAL
campo de control de longitud fija 250522b2024 dr ||||| |||| 00| 0 spa d
020 ## - NÚMERO INTERNACIONAL ESTÁNDAR DEL LIBRO
Número Internacional Estándar del Libro 9789945603941
040 ## - FUENTE DE LA CATALOGACIÓN
Centro catalogador/agencia de origen DO-SdBNP
Lengua de catalogación spa
Centro/agencia transcriptor BNPHU
Normas de descripción rda
041 ## - CÓDIGO DE LENGUA
Código de lengua del texto/banda sonora o título independiente spa
082 #4 - NÚMERO DE LA CLASIFICACIÓN DECIMAL DEWEY
Número de clasificación xxx
Número de documento/Ítem A717d
Número de edición 22
100 1# - ENTRADA PRINCIPAL--NOMBRE DE PERSONA
Nombre de persona Aristy, Francisco A.
Término indicativo de función/relación autor
Código de función/relación aut.
9 (RLIN) 87772
245 14 - MENCIÓN DE TÍTULO
Título Dos temas :
Resto del título el control de la corrupción y la privación de la libertad en el sistema penal dominicano /
Mención de responsabilidad, etc. Francisco A. Aristy [y otros 8] ; presentación, Ramonina Brea del Castillo.
264 #4 - PRODUCCIÓN, PUBLICACIÓN, DISTRIBUCIÓN, FABRICACIÓN Y COPYRIGHT
Producción, publicación, distribución, fabricación y copyright Santo Domingo, República Dominicana :
Nombre del de productor, editor, distribuidor, fabricante Pontificia Universidad Católica Madre y Maestra, PUCMM,
-- Centro Universitario de Estudios Políticos y Sociales, CUEPS,
Fecha de producción, publicación, distribución, fabricación o copyright ©2024.
300 ## - DESCRIPCIÓN FÍSICA
Extensión 514 páginas ;
Dimensiones 23 cm.
336 ## - TIPO DE CONTENIDO
Término de tipo de contenido texto
Código de tipo de contenido txt
Fuente rdacontent
337 ## - TIPO DE MEDIO
Nombre/término del tipo de medio sin mediación
Código del tipo de medio n
Fuente rdamedia
338 ## - TIPO DE SOPORTE
Nombre/término del tipo de soporte volumen
Código del tipo de soporte nc
Fuente rdacarrier
490 0# - MENCIÓN DE SERIE
Mención de serie Colección ciudadanía y políticas públicas
500 ## - NOTA GENERAL
Nota general Incluye referencias bibliográficas y notas al pie de las páginas
500 ## - NOTA GENERAL
Nota general Incluye bibliografía al final de los capítulos
500 ## - NOTA GENERAL
Nota general Incluye notas sobre los autores
505 ## - NOTA DE CONTENIDO CON FORMATO
Nota de contenido con formato Presentación --
Título Los mecanismos de control de la corrupción y su eficacia --
-- 1. El estatuto del controlador: radiografía critica de los órganos y mecanismos de control a la corrupción administrativa en la Constitución dominicana de 2010 /
Mención de responsabilidad Pedro J. Castellanos Hernández --
Título II. El control interno: valoración critica del papel de la Contraloría General de la República /
Mención de responsabilidad Thiaggo Marrero Peralta --
Título III. El control externo: el peso específico de la Cámara de Cuentas /
Mención de responsabilidad Priscilla Camila Polanco --
Título IV. ¿Corrupción autorregulada? El combate a la corrupción desde el compliance corporativo aplicado a los sujetos privados en sus relaciones con el Estado /
Mención de responsabilidad Tania De León --
Título La privación de libertad en el sistema penal dominicano --
-- 1. Dimensión constitucional del valor, principio y derecho a la libertas personal: fundamentos proyecciones y mecanismos de garantía /
Mención de responsabilidad Pamela Delgado Jiménez --
Título II. La política criminal desde la judicatura: sobre la tensa relación entre la libertad y la interpretación judicial de la alarma social /
Mención de responsabilidad Paloma M. Fernández Gonzalo --
Título III. El derecho a indemnización por el padecimiento de prisión preventiva injusta /
Mención de responsabilidad Manuel A. Rodríguez --
Título IV. Libertad y reinserción social: consecuencias sistemáticas de una promesa incumplida /
Mención de responsabilidad Víctor Adriano León Morel --
Título V. Más allá de la cárcel: los derechos fundamentales de las personas privadas de libertad /
Mención de responsabilidad Francisco A. Aristy
590 ## - NOTA LOCAL (RLIN)
Nota local Inventariado, 2025 /LP
700 1# - PUNTO DE ACCESO ADICIONAL--NOMBRE DE PERSONA
Nombre de persona Castellanos Hernández, Pedro J.
Término indicativo de función/relación autor
Código de función/relación aut.
9 (RLIN) 87858
700 1# - PUNTO DE ACCESO ADICIONAL--NOMBRE DE PERSONA
Nombre de persona Delgado Jiménez, Pamela
Término indicativo de función/relación autor
Código de función/relación aut.
9 (RLIN) 87859
700 1# - PUNTO DE ACCESO ADICIONAL--NOMBRE DE PERSONA
Nombre de persona Fernández Gonzalo, Paloma M.
Término indicativo de función/relación autor
Código de función/relación aut.
9 (RLIN) 87860
700 1# - PUNTO DE ACCESO ADICIONAL--NOMBRE DE PERSONA
Nombre de persona De León, Tania
Término indicativo de función/relación autor
Código de función/relación aut.
9 (RLIN) 87861
700 1# - PUNTO DE ACCESO ADICIONAL--NOMBRE DE PERSONA
Nombre de persona León Morel, Víctor Adriano
Término indicativo de función/relación autor
Código de función/relación aut.
9 (RLIN) 87862
700 1# - PUNTO DE ACCESO ADICIONAL--NOMBRE DE PERSONA
Nombre de persona Marrero Peralta, Thiaggo
Término indicativo de función/relación autor
Código de función/relación aut.
9 (RLIN) 81047
700 1# - PUNTO DE ACCESO ADICIONAL--NOMBRE DE PERSONA
Nombre de persona Polanco, Priscilla Camila
Término indicativo de función/relación autor
Código de función/relación aut.
9 (RLIN) 87863
700 1# - PUNTO DE ACCESO ADICIONAL--NOMBRE DE PERSONA
Nombre de persona Rodríguez, Manuel Alejandro
Término indicativo de función/relación autor
Código de función/relación aut.
9 (RLIN) 81049
910 ## - DATOS DE OPCIÓN DEL USUARIO (OCLC)
Datos de opción del usuario LP
942 ## - ELEMENTOS DE PUNTO DE ACCESO ADICIONAL (KOHA)
Fuente del sistema de clasificación o colocación Dewey Decimal Classification
Tipo de ítem Koha Libro
Existencias
Estado de retiro Estado de pérdida Fuente del sistema de clasificación o colocación Restricciones de uso No para préstamo Código de colección Localización permanente Ubicación/localización actual Ubicación en estantería Fecha de adquisición Fuente de adquisición Total de préstamos Signatura topográfica completa Código de barras Fecha visto por última vez Precio válido a partir de Tipo de ítem Koha Número de copia Nota pública
    Dewey Decimal Classification Excluido de préstamo   Patrimonio Dominicano Biblioteca Nacional Pedro Henríquez Ureña Biblioteca Nacional Pedro Henríquez Ureña En catalogación 05.02.2025 Depósito Legal   xxx A717d 2025-2487 03.04.2025 03.04.2025 Libro    
    Dewey Decimal Classification Excluido de préstamo   Patrimonio Dominicano Biblioteca Nacional Pedro Henríquez Ureña Biblioteca Nacional Pedro Henríquez Ureña En catalogación 05.02.2025 Depósito Legal   xxx A717d 2025-2489 03.04.2025 03.04.2025 Libro e.2 \
    Dewey Decimal Classification Préstamo en sala   Dominicana de Servicio Biblioteca Nacional Pedro Henríquez Ureña Biblioteca Nacional Pedro Henríquez Ureña En catalogación 05.02.2025 Depósito Legal   xxx A717d 2025-2490 03.04.2025 03.04.2025 Libro e.3  

Con tecnología Koha